Process systems analysis and control (Record no. 13575)

000 -LEADER
fixed length control field 00578nam a22002051 4500
001 - CONTROL NUMBER
control field 13575
003 - CONTROL NUMBER IDENTIFIER
control field BD-DhUET
008 - FIXED-LENGTH DATA ELEMENTS--GENERAL INFORMATION
fixed length control field 730306s1965 nyua b 000 0 eng
040 ## - CATALOGING SOURCE
Original cataloging agency DLC
Transcribing agency DLC
Modifying agency BD-DhUET
082 ## - DEWEY DECIMAL CLASSIFICATION NUMBER
Classification number 660.284
Item number COU/1965
100 1# - MAIN ENTRY--PERSONAL NAME
Personal name Coughanowr, Donald R.
245 10 - TITLE STATEMENT
Title Process systems analysis and control
250 ## - EDITION STATEMENT
Edition statement 1st ed.
260 ## - PUBLICATION, DISTRIBUTION, ETC. (IMPRINT)
Place of publication, distribution, etc. New York
Name of publisher, distributor, etc. McGraw-Hill
Date of publication, distribution, etc. 1965
300 ## - PHYSICAL DESCRIPTION
Extent xii, 491 p.
Other physical details ill.
Dimensions 21 cm.
490 ## - SERIES STATEMENT
Series statement McGraw-Hill chemical engineering series
650 #0 - SUBJECT ADDED ENTRY--TOPICAL TERM
Topical term or geographic name as entry element Control devices process engineering
700 ## - ADDED ENTRY--PERSONAL NAME
Personal name Koppel, Lowell B.
942 ## - ADDED ENTRY ELEMENTS (KOHA)
Koha item type General Book
Holdings
Koha normalized classification for sorting Withdrawn status Date acquired Koha date last seen Shelving location Koha issues (times borrowed) Source of classification or shelving scheme Location (home branch) Koha item type Piece designation (barcode) Not for loan Damaged status Koha full call number Koha date last borrowed Copy number Price effective from Sublocation or collection (holding branch) Lost status
660_284000000000000_COU_1965 2015-03-032015-03-03Circulation section  Central Library, BUETGeneral Book29699  660.284/COU/1965 12015-03-03Central Library, BUET 
660_284000000000000_COU_1965 2015-03-032017-05-09Circulation section1 Central Library, BUETGeneral Book29689  660.284/COU/19652017-05-0922015-03-03Central Library, BUET 
660_284000000000000_COU_1965 2015-03-032015-03-03Circulation section  Central Library, BUETGeneral Book29697  660.284/COU/1965 32015-03-03Central Library, BUET 
660_284000000000000_COU_1965 2015-03-032015-03-03Circulation section  Central Library, BUETGeneral Book29692  660.284/COU/1965 42015-03-03Central Library, BUET 
660_284000000000000_COU_1965 2015-03-032015-03-03Circulation section  Central Library, BUETGeneral Book29698  660.284/COU/1965 52015-03-03Central Library, BUET 
660_284000000000000_COU_1965 2015-03-032015-03-03Circulation section  Central Library, BUETGeneral Book29690  660.284/COU/1965 62015-03-03Central Library, BUET 
660_284000000000000_COU_1965 2015-03-032015-03-03Cataloging to Circulation  Central Library, BUETGeneral Book29688  660.284/COU/1965 72015-03-03Central Library, BUET 
660_284000000000000_COU_1965 2015-03-042015-03-04Circulation section  Central Library, BUETGeneral Book34519  660.284/COU/1965 82015-03-04Central Library, BUET 
660_284000000000000_COU_1965 2015-05-112015-05-11Circulation section  Central Library, BUETGeneral Book29694  660.284/COU/1965 92015-05-11Central Library, BUET 
660_284000000000000_COU_1965 2015-05-112015-05-11Circulation section  Central Library, BUETGeneral Book29696  660.284/COU/1965 102015-05-11Central Library, BUET 
660_284000000000000_COU_1965 2015-05-132015-05-13Circulation section  Central Library, BUETGeneral Book29695  660.284/COU/1965 112015-05-13Central Library, BUET 
660_284000000000000_COU_1965 2015-05-142015-05-14Circulation section  Central Library, BUETGeneral Book17869  660.284/COU/1965 122015-05-14Central Library, BUET 
660_284000000000000_COU_1965 2015-05-182015-05-18Circulation section  Central Library, BUETGeneral Book15822  660.284/COU/1965 132015-05-18Central Library, BUET 
660_284000000000000_COU_1965 2015-06-202015-06-20Reading section  Central Library, BUETGeneral Book29700  660.284/COU/1965 142015-06-20Central Library, BUET 
660_284000000000000_COU_1965 2015-06-202015-06-20Reading section  Central Library, BUETGeneral Book29701  660.284/COU/1965 152015-06-20Central Library, BUET 
660_284000000000000_COU_1965 2015-07-102015-07-10Circulation section  Central Library, BUETGeneral Book16716  660.284/COU/1965 162015-07-10Central Library, BUET